000
00241nam a22001097a 4500
008
170125b xxu||||| |||| 00| 0 eng d
020
_a
0801630576
041
_a
eng
080
_a
61
245
_a
emergency medicine
_c
ROSEN, P
942
_2
udc
_c
BK
999
_c
3650
_d
3650